Normal view
MARC view
- Ortuño Sahagún, Daniel
Entry Nombre personal
001 - NÚMERO DE CONTROL
- campo de control: 11335
003 - IDENTIFICADOR DE NÚMERO DE CONTROL
- campo de control: DLC
005 - FECHA Y HORA DE LA ÚLTIMA TRANSACCIÓN
- campo de control: 20230908103751.0
008 - ELEMENTOS DE DATO DE LONGITUD-FIJA
- campo de control de longitud fija: 091006n| azannaabn |a aaa c
010 ## - NÚMERO DE CONTROL DE LA BIBLIOTECA DEL CONGRESO
- Número de control de LC: no2009159802
035 ## - NÚMERO DE CONTROL DEL SISTEMA
- Número de control de sistema: (OCoLC)oca08263922
035 ## - NÚMERO DE CONTROL DEL SISTEMA
- Número de control de sistema: (CaEvSKY)skya8983436
040 ## - FUENTE DE CATALOGACIÓN
- Centro catalogador/agencia de origen: MX-MxBN
- Lengua de catalogación: spa
- Normas de descripción: rda
- Centro/agencia transcriptor: MX-MxBN
- Centro/agencia modificador: MX-SlUA
- Centro/agencia modificador: MX-LbUP
100 1# - ENCABEZAMIENTO-NOMBRE DE PERSONA
- Nombre de persona: Ortuño Sahagún, Daniel
372 ## - CAMPO DE ACTIVIDAD
- Campo de actividad: Biología molecular
- Campo de actividad: Citología
- Fuente del término: lcsh
373 ## - GRUPO ASOCIADO
- Grupo asociado: Universidad de Guadalajara
- Grupo asociado: Universidad Autónoma de Madrid
- Fuente del término: naf
374 ## - OCUPACIÓN
- Ocupación: Científico
- Fuente del término: lcsh
375 ## - GÉNERO/SEXO
- Género: hombre
377 ## - IDIOMA ASOCIADO
- Código del idioma: spa
400 1# - TRAZADO DE VÉASE--NOMBRE DE PERSONA
- Nombre de persona: Ortuño, Daniel
400 1# - TRAZADO DE VÉASE--NOMBRE DE PERSONA
- Nombre de persona: Sahagún, Daniel Ortuño
670 ## - FUENTE DE DATOS ENCONTRADOS
- Cita de la fuente: Biblioteca del Congreso (Estados Unidos), 8 septiembre 2023:
- Información encontrada: catálogo electrónico (Ortuño Sahagún, Daniel)